La Tribuna Radiofónica Rural del Canadá / (Record no. 146383)

MARC details
000 -LEADER
campo de control de longitud fija 00870nam a2200253 i 4500
001 - NÚMERO DE CONTROL
campo de control 146383
003 - IDENTIFICADOR DE NÚMERO DE CONTROL
campo de control ES-MaACL
005 - FECHA Y HORA DE LA ÚLTIMA TRANSACCIÓN
campo de control 20250901075249.0
007 - CAMPO FIJO DE DESCRIPCIÓN FÍSICA--INFORMACIÓN GENERAL
campo de control de longitud fija t|
008 - DATOS DE LONGITUD FIJA--INFORMACIÓN GENERAL
campo de control de longitud fija 070907s1954 fr f |||| | spa d
100 1# - ENTRADA PRINCIPAL--NOMBRE DE PERSONA
Nombre de persona Nicol, John.
9 (RLIN) 85552
245 13 - MENCIÓN DEL TÍTULO
Título La Tribuna Radiofónica Rural del Canadá /
Mención de responsabilidad, etc. John Nicol, Albert A. Shea, J.P. Simmins ; coordinador, R. Alex Sim.
260 ## - PUBLICACIÓN, DISTRIBUCIÓN, ETC.
Lugar de publicación, distribución, etc. París :
Nombre del editor, distribuidor, etc. Unesco,
Fecha de publicación, distribución, etc. 1954.
300 ## - DESCRIPCIÓN FÍSICA
Extensión 262 p., 3 lám. :
Otras características físicas il. ;
Dimensiones 22 cm.
490 1# - MENCIÓN DE SERIE
Mención de serie Prensa, cine y radio en el mundo de hoy
650 #7 - PUNTO DE ACCESO ADICIONAL DE MATERIA--TÉRMINO DE MATERIA
Término de materia o nombre geográfico como elemento de entrada Programas de radio-
Subdivisión geográfica Canadá
Fuente del encabezamiento o término
9 (RLIN) 164918
650 #7 - PUNTO DE ACCESO ADICIONAL DE MATERIA--TÉRMINO DE MATERIA
Término de materia o nombre geográfico como elemento de entrada Radio en la enseñanza
Fuente del encabezamiento o término embne
9 (RLIN) 16666
700 1# - ENTRADA AGREGADA--NOMBRE PERSONAL
Nombre de persona Shea, Albert A.
9 (RLIN) 171096
700 1# - ENTRADA AGREGADA--NOMBRE PERSONAL
Nombre de persona Simmins, J. P.
9 (RLIN) 106483
710 2# - ENTRADA AGREGADA--NOMBRE DE ENTIDAD CORPORATIVA
Nombre de entidad corporativa o nombre de jurisdicción como elemento de entrada Unesco.
9 (RLIN) 6999
830 1# - PUNTO DE ACCESO ADICIONAL DE SERIE-TÍTULO UNIFORME
Título uniforme Prensa, cine y radio en el mundo de hoy
9 (RLIN) 220836
852 ## - LOCALIZACIÓN
Ubicación ES-MaACL
Número de control de estantería C-2188
Holdings
Estatus retirado Estado de pérdida Estado de daño No para préstamo Biblioteca de origen Biblioteca actual Ubicación en estantería Fecha de adquisición Fuente de adquisición Total de préstamos Signatura topográfica completa Código de barras Visto por última vez Precio de reemplazo Tipo de ítem Koha
        Biblioteca del Ateneo de Madrid Biblioteca del Ateneo de Madrid Sala Palomar 17/01/2008     C-2188 1152785 23/02/2023 23/02/2023 Libro impreso